Countries in 1939 by their capital city - Statistics

General Stats
  • This quiz has been taken 21 times
  • The average score is 94 of 131
Answer Stats
Hint Answer % Correct
Kabul Afghanistan
95%
Tirana Albania
95%
Algiers Algeria
95%
Andorra la Vella Andorra
95%
Canberra Australia
95%
Brussels Belgium
95%
Rio de Janeiro Brazil
95%
Ottawa Canada
95%
Buenos Aires Argentina
89%
Nassau Bahamas
89%
Sofia Bulgaria
89%
Santiago Chile
89%
Chongqing China
89%
Bogota Colombia
89%
Copenhagen Denmark
89%
Helsinki Finland
89%
Paris France
89%
Berlin Germany
89%
Athens Greece
89%
Guatemala City Guatemala
89%
New Delhi India
89%
Tehran Iran
89%
Baghdad Iraq
89%
Rome Italy
89%
Tokyo Japan
89%
Mexico City Mexico
89%
Rangoon Burma
84%
Havana Cuba
84%
Jakarta Dutch East Indies
84%
Quito Ecuador
84%
Cairo Egypt
84%
San Salvador El Salvador
84%
Tallinn Estonia
84%
Budapest Hungary
84%
Dublin Ireland
84%
Nairobi Kenya
84%
Riga Latvia
84%
Luxembourg City Luxembourg
84%
Amsterdam Netherlands
84%
Jerusalem Palestine
84%
Lisbon Portugal
84%
Bucharest Romania
84%
Riyadh Saudi Arabia
84%
Pretoria/Cape Town/Bloemfontein South Africa
84%
Madrid Spain
84%
Stockholm Sweden
84%
Bern Switzerland
84%
London United Kingdom
84%
Washington, D.C. United States
84%
Montevideo Uruguay
84%
Manama Bahrain
79%
Sucre Bolivia
79%
Colombo Ceylon
79%
Nicosia Cyprus
79%
Addis Ababa Ethiopia
79%
Tegucigalpa Honduras
79%
Kingston Jamaica
79%
Beirut Lebanon
79%
Vaduz Liechtenstein
79%
Kuala Lumpur Malaya
79%
Monaco Monaco
79%
Ulaanbaatar Mongolia
79%
Rabat Morocco
79%
Kathmandu Nepal
79%
Wellington New Zealand
79%
Panama City Panama
79%
Asuncion Paraguay
79%
Lima Peru
79%
San Marino San Marino
79%
Singapore Singapore
79%
Bratislava Slovakia
79%
Bangkok Thailand
79%
Tunis Tunisia
79%
Vatican City Vatican City
79%
Caracas Venezuela
79%
Khartoum Anglo-Egyptian Sudan
74%
San Jose Costa Rica
74%
Gibraltar Gibraltar
74%
Port-au-Prince Haiti
74%
Reykjavik Iceland
74%
Gyeongseong Korea
74%
Tripoli Libya
74%
Kaunas Lithuania
74%
Valetta Malta
74%
Lagos Nigeria
74%
Oslo Norway
74%
Muscat/Nizwa Oman
74%
Warsaw Poland
74%
Doha Qatar
74%
Moscow Soviet Union
74%
Damascus Syria
74%
Ankara Turkey
74%
Sana'a Yemen
74%
Belgrade Yugoslavia
74%
St John's Antigua and Barbuda
68%
Suva Fiji
68%
Monrovia Liberia
68%
Antananarivo Madagascar
68%
Paramaribo Suriname
68%
Lhasa Tibet
68%
Gdansk Danzig
63%
Managua Nicaragua
63%
Quezon City Philippines
63%
Apia Samoa
63%
Port of Spain Trinidad and Tobago
63%
Ciudad Trujillo Dominican Republic
58%
Male Maldives
58%
Port Louis Mauritius
58%
Mafikeng Southern Africa
58%
Freetown Sierra Leone
53%
Mbabne Swaziland
53%
Punakha Bhutan
47%
Sandakan British Borneo
47%
Nuku'alofa Tonga
47%
Yaren Nauru
42%
St John's Newfoundland
42%
Amman Transjordan
42%
Bathurst Gambia
37%
Accra Gold Coast
37%
Da Lat Indochina
37%
Castries St Lucia
37%
Dar es Salaam Tanganyika
37%
Dzaoudzi Comoros
26%
Kyzyl Tuva
26%
Xinjing Manchuko
21%
Lusaka Northern Rhodesia
21%
Salisbury Southern Rhodesia
21%
Zomba Nyasaland
16%
Victoria Hong Kong
11%
Tulagi Solomon Islands
11%
Kalgan Mengjiang
0%
No matching quizzes found
Score Distribution
Percent of People with Each Score
Percentile by Number Answered
Your Score History
You have not taken this quiz